00645nam a2200193Ia 4500008004100000040001800041041000800059110001300067240002600080245005800106260005500164300001800219505003700237650002200274650005500296650003500351650004000386700002500426130821s1976 ck gr spa  aCo-BoUCMbspa aspa aColombia aLeyes, decretos, etc. aOrden público económicocCompilador Jaime Castro. aBogotá (Colombia)bBanco de la Repúblicac1976 a2 volúmenes aV.1bDocumentos. -- V.2bAnexos.04aDerecho público04aDerecho públicoxAspectos económicoszColombia04aEstado de emergenciazColombia04aReformas constitucionaleszColombia aCastro, Jaimeecomp.